Statistics for Broadway Musicals By Song

Click here to take the quiz!

General Stats

  • This quiz has been taken 589 times
    (587 since last reset)
  • The average score is 9 of 25

Answer Stats

Hint Answer % Correct
Circle Of LifeThe Lion King
94%
All That JazzChicago
94%
A Spoonful Of SugarMary Poppins
91%
For GoodWicked
78%
Raise Your VoiceSister Act
75%
Wishing You Were Somehow Here AgainThe Phantom Of The Opera
59%
Hello!The Book Of Mormon
58%
I'll Cover YouRent
57%
Thank You For the MusicMamma Mia!
55%
King Of New YorkNewsies
45%
There's A Fine, Fine LineAvenue Q
40%
December 1963 (What A Night)Jersey Boys
38%
HolidayGreen Day's American Idiot
15%
Expressing YourselfBilly Elliot
14%
Steal Your Rock 'N' RollMemphis
14%
Broadway BabyFollies
12%
The Moon And MeThe Addams Family
11%
Don't Break The RulesCatch Me If You Can
9%
Blue Suede ShoesMillion Dollar Quartet / All Shook Up
9%
I Love The NightlifePriscilla Queen Of the Desert
9%
The Best Of TimesLa Cage Aux Folles
6%
Shine Like The Sun9 To 5
4%
A Freak Like Me Needs CompanySpider Man Turn Off The Dark
3%
Step Into The LightLeap Of Faith
1%
TogetherWonderland
0%

Score Distribution

Percentile by Number Answered

Percent of People with Each Score

Your Score History

You have not taken this quiz since the last reset